| 000 | 01394cam a2200373 4500 | ||
|---|---|---|---|
| 001 | WS121998 | ||
| 008 | 030415n 000 0 eng u | ||
| 035 | _a(Sirsi) u121998 | ||
| 110 |
_aDepartment for Culture, Media and Sport _93525 |
||
| 245 | _aDepartment for Culture, Media and Sport | ||
| 520 | _aWeb site for this UK government department which aims to improve the quality of life through all cultural and sporting activities. Includes details of the government art collection, details of the work of museums and art galleries and an outline of the departments involvement in the conservation of the historic environment. | ||
| 650 | _aGOVERNMENT | ||
| 650 | _aENGLISH HERITAGE | ||
| 650 | _aLISTED BUILDINGS | ||
| 650 | _aARCHITECTURE | ||
| 650 | _aLEGISLATION | ||
| 650 | _aARCHAEOLOGY | ||
| 650 | _aTREASURE TROVE | ||
| 650 | _aANTIQUITIES | ||
| 650 | _aFINE ART | ||
| 650 | _aROYAL PARKS | ||
| 650 | _aOLYMPIC GAMES | ||
| 650 | _aLONDON 2012 OLYMPIC BID | ||
| 650 | _aROYAL PALACES | ||
| 650 | _aMUSEUMS | ||
| 650 | _aART GALLERIES | ||
| 650 | _aTREASURE ACT 1996 | ||
| 650 | _aTOURISM | ||
| 650 | _aNATIONAL LOTTERY | ||
| 650 | _aLIBRARIES | ||
| 690 | _aBUILT ENVIRONMENT-BUILDING MAINTENANCE AND REFURBISHMENT-BUILDING CONSERVATION | ||
| 856 | 4 | 0 |
_uhttps://www.culture.gov.uk _zView the website free of charge at www.culture.gov.uk... |
| 942 | _n0 | ||
| 999 |
_c120264 _d120264 |
||